000 03522cam a22006134i 4500
003 PE-LiUPU
005 20250731180115.0
008 150529s2014 sp a r 000 0 spa d
020 _a9788497328944
035 _a(Sirsi) i9788497328944
040 _aPE-LiUPU
_bspa
_cPE-LiUPU
_erda
049 _aPRUA
082 0 4 _a550.1
_bC26
_220
100 1 _aCarenas Fernández, María Beatriz,
_eautor.
245 1 0 _aGeología /
_cMaría Beatriz Carenas Fernández [y otros tres] ; coordinadores, Manuel Pozo Rodríguez, Jorge Luis Giner Robles.
264 1 _aMadrid :
_bParaninfo,
_c[2014].
300 _axvi, 487 páginas :
_bilustraciones ;
_c27 centímetros
336 _atext
_2rdacontent
337 _aunmediated
_2rdamedia
338 _avolume
_2rdacarrier
490 0 _aBachillerato
505 0 _aGeología y sociedad -- Geología y sociedad -- Materiales y estructura de la Tierra -- Los constituyentes de la litósfera terrestre: minerales y rocas -- Composición y estructura interior de la Tierra -- Procesos geológicos internos -- Esfuerzo y deformación en la litosfera -- Tectónica de placas y procesos orogénicos -- Magmatismo y rocas ígneas -- Metamorfismo y rocas metamórficas -- Procesos geológicos externos -- La meteorización, los suelos y los procesos de gravedad -- Sedimentación y rocas sedimentarias -- Acción geológica de la hidrosfera: aguas superficiales, subterráneas y litorales -- Los relieves en climas extremos: medios glaciar y desértico -- Geología histórica -- Noción de tiempo geológico -- Historia de la tierra: arcaico y proterozoico -- La Tierra en el Fanerozoico -- Geología de España -- Geología de España -- Geología y sociedad.
526 _aSEG44
526 _aSEG26
526 _aP159
526 _aP155
526 _aP154
526 _aP153
526 _aP150
526 _aP100
526 _aP31
526 _aP30
526 _aP26
526 _aP25
526 _aP24
526 _aP22
526 _aP15
526 _aP10
541 _g043-0014413;
541 _g044-0022573;
650 1 4 _aGeología.
700 1 _aGiner Robles, Jorge Luis,
_ecoordinador.
700 1 _aPozo Rodríguez, Manuel,
_ecoordinador.
910 _acce
_bjvq
_ccce
_d20150529
942 _2ddc
_cBOOK
949 _a550.1 C26
_wDEWEY
_c1
_i71077
_d2016-9-12
_e2016-9-8
_lCCODEBUL1
_mBUL
_n6
_p19.90
_r0
_sY
_tBOOK
_u2015-5-29
_xINGENIERIA
_PP25
_0COMPRA
_o.STAFF. Colección General
949 _a550.1 C26
_wDEWEY
_c2
_i71078
_d2016-10-5
_e2016-10-5
_lCCODEBUL1
_mBUL
_n5
_p19.90
_r0
_sY
_tBOOK
_u2015-5-29
_xINGENIERIA
_PP25
_0COMPRA
_o.STAFF. Colección General
949 _a550.1 C26
_wDEWEY
_c3
_i72314
_d2016-10-31
_e2016-10-26
_mBUL
_n7
_p18.07
_r0
_sY
_tBOOK
_u2016-1-27
_xINGENIERIA
_PP25
_0COMPRA
_o.STAFF. Colección General
994 _aC0
_bPEPRU
596 _a1
999 _a550.1 C26
_wDEWEY
_c28330
_i71077
_d28330
_e2019-3-17
_f2021-11-9
_g7
_lCCODEBUL1
_mBUL
_n10
_p19.90
_r0
_sY
_tBOOK
_u2015-5-29
_xINGENIERIA
_PP25
_0COMPRA
_o.STAFF. Colección General
999 _a550.1 C26
_wDEWEY
_c2
_i71078
_d2018-11-15
_e2018-11-11
_f2021-11-9
_g7
_lCCODEBUL1
_mBUL
_n7
_p19.90
_r0
_sY
_tBOOK
_u2015-5-29
_xINGENIERIA
_PP25
_0COMPRA
_o.STAFF. Colección General
999 _a550.1 C26
_wDEWEY
_c3
_i72314
_d2019-3-14
_e2019-3-8
_f2021-11-9
_g8
_lCCODEBUL1
_mBUL
_n13
_p18.07
_q2
_r0
_sY
_tBOOK
_u2016-1-27
_xINGENIERIA
_PP25
_0COMPRA
_o.STAFF. Colección General
980 _81
_gALBERTO SANCHEZ Responsable de Automatización